| 000 | 00873nam a2200241 a 4500 | ||
|---|---|---|---|
| 001 | 1070 | ||
| 003 | BR-CuiBMT | ||
| 005 | 20231128022551.0 | ||
| 008 | 231124s2016 baba 000 0 por d | ||
| 020 | _a9788585524319 | ||
| 040 |
_aBR-CuiBMT _cBR-CuiBMT |
||
| 080 |
_22007 _a351.94:336.148 _x(813.8) |
||
| 090 |
_a351.94:336.148(813.8) _bA663m _c2. ed. |
||
| 100 | 1 | _aAraújo, Dilton de Oliveira | |
| 245 | 1 | 2 |
_aCaminhos de contas : _ba história do Tribunal de Contas do Estado da Bahia, Salvador Tribunal de Contas do Estado da Bahia, 2002 / _cDilton de Oliveira Araújo. |
| 250 | _a2. ed., rev. e ampl. | ||
| 260 |
_aSalvador : _bTribunal de Contas do Estado da Bahia _c2016. |
||
| 300 |
_a327 p. : _bil., color. ; _c21 cm |
||
| 504 | _aInclui bibliografia. | ||
| 650 |
_aTribunal de contas _xHistória _zBahia |
||
| 700 | 1 | _aSoares, Geraldo Ramos | |
| 942 |
_2udc _cLV |
||
| 999 |
_c1070 _d1070 |
||